[Event "Gibraltar Masters 2019"]
[Site "Caleta ENG"]
[Date "2019.01.31"]
[Round "10.92"]
[White "Hosek,Ma"]
[Black "Benmesbah,N"]
[Result "0-1"]
[WhiteElo "2153"]
[BlackElo "2252"]

1.d4 Nf6 2.c4 g6 3.Nc3 Bg7 4.e4 d6 5.f3 O-O 6.Be3 c5 7.Nge2 Nc6 8.d5 Ne5
9.Ng3 h5 10.Be2 h4 11.Nf1 e6 12.Nd2 exd5 13.cxd5 h3 14.g3 a6 15.a4 Rb8 16.O-O Bd7
17.a5 b5 18.axb6 Rxb6 19.b3 Bb5 20.Nxb5 axb5 21.f4 Ned7 22.Ra5 Qe7 23.Rf3 Nxe4
24.Nxe4 Qxe4 25.Rxb5 Rxb5 26.Bxb5 Ra8 27.Bf1 Ra1 28.Qe2 Nf6 29.f5 g5 30.Rf2 Ng4
31.Bxg5 Qxe2  0-1

[Event "Gibraltar Masters 2019"]
[Site "Caleta ENG"]
[Date "2019.01.31"]
[Round "10.93"]
[White "Baert,A"]
[Black "Fuchs,Ju"]
[Result "1-0"]
[WhiteElo "2147"]
[BlackElo "2249"]

1.Nf3 c5 2.c4 Nf6 3.Nc3 d5 4.cxd5 Nxd5 5.g3 Nc6 6.Bg2 e5 7.Nxe5 Nxc3 8.Nxc6 Nxd1
9.Nxd8 Nxf2 10.Nxf7 Nxh1 11.Nxh8 Nxg3 12.hxg3 Bd6 13.Kf2 Ke7 14.d3 Be6 15.Bg5+ Kd7
16.Bxb7 Rxh8 17.b3 Rb8 18.Be4 h6 19.Be3 Rf8+ 20.Kg2 Bg4 21.Rc1 Bxe2 22.Bxc5 Bxc5
23.Rxc5 Rf7 24.b4 Bf1+ 25.Kg1 Bh3 26.Ra5 Kd8 27.Kh2 Be6 28.Bd5 Bxd5 29.Rxd5+ Kc7
30.Kg2 Kc6 31.Rc5+ Kd6 32.a3 Ke6 33.Ra5 Kd6 34.d4 Kc6 35.Rc5+ Kd6 36.a4 Rb7
37.b5 Rf7 38.Kh3 Ke6 39.Kg4 Rd7 40.Re5+ Kf6 41.Re4 Rc7 42.d5 Rc5 43.Re6+ Kf7
44.Rc6 Rxd5 45.Rc7+ Kf6 46.Rxa7 Rd4+ 47.Kf3 Rd3+ 48.Kf2 Rb3 49.Ra6+ Kf5 50.Ra8 Kg4
51.Re8 Rb4 52.Ke3 Kxg3 53.Re4 Rb1 54.Kd2 Kf3 55.Rc4 g5 56.Kc2 Re1 57.b6 Re8
58.a5 g4 59.b7 g3 60.Rc8 Re2+ 61.Kc3 Re3+ 62.Kc4 Re4+ 63.Kb5 g2 64.Rf8+ Ke2
65.Rg8 Re5+ 66.Kc4 Rg5 67.Re8+ Kf2 68.Rf8+ Ke2 69.b8=Q g1=Q 70.Qb2+ Ke3 71.Qd4+ Ke2
72.Qd3+ Ke1 73.Re8+ Kf2 74.Re2+ Kf1 75.Rd2+ Ke1 76.Qe2+  1-0

[Event "Gibraltar Masters 2019"]
[Site "Caleta ENG"]
[Date "2019.01.31"]
[Round "10.94"]
[White "Villar,Ju"]
[Black "Verneuil,P"]
[Result "1/2-1/2"]
[WhiteElo "2237"]
[BlackElo "2114"]

1.Nf3 d5 2.e3 Nf6 3.c4 e6 4.Nc3 Be7 5.Qc2 O-O 6.d4 c5 7.dxc5 Bxc5 8.a3 a5
9.cxd5 exd5 10.Nb5 Qb6 11.b3 Bg4 12.Nfd4 Nc6 13.Bb2 Rac8 14.Qd3 Ne5 15.Qb1 Rfe8
16.Bd3 Nxd3+ 17.Qxd3 Bh5 18.O-O Bg6 19.Qe2 Ne4 20.Rac1 Nd6 21.Rfd1 Ne4 22.Nf3 Nxf2
23.Rxd5 Bd3 24.Rdxc5 Rxc5 25.Qxf2 Rxc1+ 26.Bxc1 Qxb5 27.Nd4 Qg5 28.h3 Be4
29.Kh2 h5 30.Qg3 Qxg3+ 31.Kxg3 g5 32.Kf2 Rd8 33.Bd2 b6 34.Bc3 Rd6 35.Be1 h4
36.Bc3 f5 37.g3 g4 38.gxh4 gxh3 39.Kg3 Rg6+ 40.Kxh3 Rg1 41.b4 Rc1 42.Bb2 Re1
43.Kg3 Rxe3+ 44.Kf4 Rh3 45.Nxf5 Bxf5 46.Kxf5 axb4 47.axb4 Rb3 48.Bd4 Rxb4
49.Ke4 Rc4 50.h5 Kh7 51.Kd3 b5 52.Be3 Rc6 53.Bd2 Rc5 54.h6 Rd5+ 55.Kc2 Rd4
56.Kc3 Ra4 57.Kb3 Kg6 58.Bc1 Kf7 59.Bg5 Rg4 60.Bd2 Kg6 61.Bc1 Kf5 62.Bd2 Rh4
63.Bc1 Ke6 64.Bg5 Rh5 65.Bd2 Kd5 66.Kb4 Kc6 67.Bc1 Rh3 68.Bg5 Kb6 69.Bd8+ Kc6
70.Bg5 Rh5 71.Bd2 Rh4+ 72.Kb3 b4 73.Bxb4 Rxh6 74.Kc3 Rh3+ 75.Kd2 Kd5 76.Ke2 Ke4
77.Kf2 Rf3+ 78.Kg2 Kf4 79.Bd6+ Kg4 80.Bc5 Rc3 81.Bd4 Rc2+ 82.Kh1 Kh3 83.Ba7 Kg3
84.Bb8+ Kf3 85.Ba7 Rc6 86.Bg1 Rh6+ 87.Bh2 Kf2  1/2-1/2

[Event "Gibraltar Masters 2019"]
[Site "Caleta ENG"]
[Date "2019.01.31"]
[Round "10.8"]
[White "Lalith,B"]
[Black "Saric,Iv"]
[Result "1/2-1/2"]
[WhiteElo "2547"]
[BlackElo "2690"]

1.Nf3 d5 2.d4 Nf6 3.c4 c6 4.Nc3 e6 5.Bg5 h6 6.Bxf6 Qxf6 7.e3 g6 8.Be2 Bg7
9.O-O Nd7 10.cxd5 exd5 11.b4 a6 12.a4 Qd6 13.b5 O-O 14.bxc6 bxc6 15.a5 c5
16.Rc1 Bb7 17.dxc5 Nxc5 18.Na4 Ne6 19.Nd4 Nxd4 20.exd4 Rab8 21.Qd2 Rfe8 22.Nc5 Bc8
23.Bf3 Qf6 24.Rfd1 Rd8 25.Be2 h5 26.Na4 Kh7 27.Qc3 Re8 28.Bf3 Bg4 29.Nb6 Rbd8
30.Bxg4 hxg4 31.Qd3 Re4 32.Qxa6 Rxd4 33.Qb5 Rd6 34.Rxd4 Qxd4 35.Qc5 Qd2 36.Rf1 Re6
37.Qxd5 Bd4 38.g3 Rf6 39.Qg2 Qxa5 40.Nd5 Rxf2 41.Rxf2 Qe1+ 42.Qf1 Bxf2+ 43.Kg2 Qe4+
44.Kxf2 Qxd5 45.Qa1 Qf5+ 46.Kg2 g5 47.Qa8 Kg7 48.Qd8 Qe4+ 49.Kg1 Qb1+ 50.Kg2 Qc2+
51.Kg1 Qc5+ 52.Kg2 Qc6+ 53.Kg1 f6 54.Qe7+ Kg6 55.Qd8 Qe6 56.Qb8 Qe3+ 57.Kg2 Qd2+
58.Kg1 Qd4+ 59.Kg2 Qd5+ 60.Kg1 Qc5+ 61.Kg2 Kf5 62.Qb1+ Ke5 63.Qb8+ Qd6 64.Qb2+ Qd4
65.Qb8+ Ke4 66.Qb1+ Kd5 67.Qb5+ Kd6 68.Qb8+ Kc6 69.Qc8+ Kb5 70.Qb7+ Kc4 71.Qa6+ Kb3
72.Qe6+ Kc3 73.h3 Qd2+ 74.Kg1 gxh3 75.Qxf6+ Kc2 76.Qf5+ Kd1 77.Qxh3 Qe3+
78.Kg2 Qe2+ 79.Kg1 g4 80.Qh7 Qe3+ 81.Kg2 Qf3+ 82.Kh2 Ke1 83.Qb1+ Qd1 84.Qf5 Qf3
85.Qb1+ Kf2 86.Qf1+ Ke3 87.Qc1+ Ke2 88.Qc2+ Ke1 89.Qb1+ Kf2 90.Qf1+ Kxf1  1/2-1/2

[Event "Gibraltar Masters 2019"]
[Site "Caleta ENG"]
[Date "2019.01.31"]
[Round "10.112"]
[White "Suez Panama,G"]
[Black "Wilson,Matthew R"]
[Result "1-0"]
[WhiteElo "2078"]
[BlackElo "1822"]

1.d4 Nf6 2.Nf3 e6 3.c4 d5 4.Bg5 Be7 5.Nc3 h6 6.Bh4 Nbd7 7.e3 b6 8.cxd5 exd5
9.Bb5 Bb7 10.Ne5 O-O 11.Nc6 Qe8 12.Nxe7+ Qxe7 13.Bxd7 Qxd7 14.Bxf6 gxf6 15.Qf3 f5
16.Rc1 c5 17.O-O Kh7 18.Rfd1 c4 19.Ne2 Rg8 20.Ng3 Rg6 21.Qxf5 Qxf5 22.Nxf5 Re8
23.Nh4 Rgg8 24.Rc3 b5 25.Ra3 a6 26.Ra5 Bc8 27.g3 Re6 28.Ng2 Rd6 29.f3 f5
30.Nf4 Bd7 31.Kf2 Rd8 32.Ke2 Be8 33.Kd2 b4 34.a3 bxa3 35.Rxa3 Rb8 36.Kc2 Bf7
37.Rda1 Rdb6 38.R1a2 Ra8 39.Ra5 Rd6 40.Rc5 Re8 41.Kd2 Re7 42.Rca5 Rb7 43.Kc2 Re7
44.R2a3 Kg7 45.h3 Kh7 46.Rc5 Rb7 47.b3 Rdb6 48.Nxd5 Rxb3 49.Rxb3 Rxb3 50.Rxc4 Ra3
51.Rc7 Kg6 52.Kb2 Rd3 53.Nf4+  1-0

[Event "Gibraltar Masters 2019"]
[Site "Caleta ENG"]
[Date "2019.01.31"]
[Round "10.110"]
[White "Veltkamp,G"]
[Black "Redondo Flores,D"]
[Result "1-0"]
[WhiteElo "2117"]
[BlackElo "1970"]

1.Nf3 d6 2.b4 e5 3.Bb2 f5 4.c4 Nf6 5.e3 Be7 6.Qb3 Be6 7.d4 e4 8.Ng5 Bg8 9.h4 h6
10.Nh3 Ng4 11.h5 Bf7 12.Nf4 Nd7 13.Be2 Ngf6 14.Nc3 c6 15.a4 a6 16.f3 b5 17.Ng6 bxc4
18.Bxc4 Bxg6 19.hxg6 d5 20.fxe4 fxe4 21.Be2 Qb6 22.Ba3 O-O 23.Qa2 Bxb4 24.Bxb4 Qxb4
25.Kd2 Qd6 26.Rab1 Rfb8 27.Rxb8+ Rxb8 28.g4 Qg3 29.Rb1 Nxg4 30.Rxb8+ Nxb8
31.Nxd5 Kh8 32.Qa3 Qf2 33.Qd6  1-0

[Event "Gibraltar Masters 2019"]
[Site "Caleta ENG"]
[Date "2019.01.31"]
[Round "10.111"]
[White "Waddington,M"]
[Black "Obiamiwe,P"]
[Result "0-1"]
[WhiteElo "2094"]
[BlackElo "1903"]

1.c4 Nf6 2.Nc3 g6 3.g3 Bg7 4.Bg2 O-O 5.d4 d6 6.Nf3 Nc6 7.d5 Na5 8.Qd3 c5
9.O-O a6 10.e4 Rb8 11.Nd2 Bd7 12.h3 b5 13.f4 Ne8 14.Re1 Qc7 15.Qe2 Bd4+ 16.Kh2 Nxc4
17.Nxc4 bxc4 18.f5 Nf6 19.g4 Rfe8 20.Rf1 Qa5 21.Qf3 Qc7 22.Kh1 a5 23.Bh6 Rxb2
24.Rac1 Rbb8 25.Ne2 Be5 26.Nf4 Kh8 27.Bg5 Ng8 28.Bh4 Rb2 29.Bg3 a4 30.h4 Rxa2
31.fxg6 fxg6 32.Nh3 Bd4 33.e5 dxe5 34.Ng5 Nf6 35.Ne6 Bxe6 36.dxe6 Qb8 37.Rxc4 Qb3
38.Rxd4 Qxf3 39.Rxf3 exd4 40.Be5 Kg8 41.Bh3 Rf8 42.Rf4 Nd5 43.Re4 d3  0-1

[Event "Gibraltar Masters 2019"]
[Site "Caleta ENG"]
[Date "2019.01.31"]
[Round "10.48"]
[White "Stefanova,A"]
[Black "Hedman,E"]
[Result "1-0"]
[WhiteElo "2486"]
[BlackElo "2378"]

1.d4 c5 2.d5 g6 3.e4 Bg7 4.Nf3 d6 5.Bb5+ Bd7 6.a4 Nf6 7.Nc3 O-O 8.O-O Bxb5
9.axb5 Nbd7 10.Qe2 Ne8 11.Bf4 Nc7 12.e5 Nb6 13.Rfd1 f6 14.exd6 exd6 15.h4 Qd7
16.Ra5 f5 17.Ng5 Rfe8 18.Qd3 h6 19.Nh3 Kh7 20.Bg3 Bxc3 21.bxc3 Ncxd5 22.Rda1 Nf6
23.f3 d5 24.Rxa7 Rxa7 25.Rxa7 Nc4 26.Bf2 Qxb5 27.h5 Nxh5 28.Qxd5 Re7 29.Ra8 Nf6
30.Qd8 Qe8 31.Bxc5 Qxd8 32.Rxd8 Rd7 33.Rf8 Nh5 34.Bd4 g5 35.Rxf5 Na3 36.Rf8 Nxc2
37.Be5 Rd1+ 38.Kh2 Ne3 39.Nf2 Rd5 40.Re8 Nc4 41.Bd4 b5 42.Ng4 Kg6 43.Rg8+ Kf7
44.Nxh6+ Ke6 45.g4 Nf4 46.Nf5 Nd2 47.Kg3 b4 48.Re8+ Kf7 49.Re7+ Kf8 50.Bg7+ Kg8
51.Nh6+ Kh7 52.Bf8+ Kh8 53.Rg7  1-0

[Event "Gibraltar Masters 2019"]
[Site "Caleta ENG"]
[Date "2019.01.31"]
[Round "10.113"]
[White "Giulian,R"]
[Black "Cano Sevilla,Ivan"]
[Result "1/2-1/2"]
[WhiteElo "1908"]
[BlackElo "1950"]

1.e4 c5 2.c3 g6 3.d4 cxd4 4.cxd4 d5 5.e5 Nc6 6.Nf3 Bg4 7.Bb5 Qb6 8.Bxc6+ bxc6
9.Nbd2 e6 10.O-O Bg7 11.h3 Bxf3 12.Nxf3 Ne7 13.b3 c5 14.Re1 O-O 15.Ba3 Rfc8
16.Bxc5 Qb7 17.Re2 Nc6 18.Rc1 Bh6 19.Rc3 a5 20.Nh2 Bf8 21.Ng4 Bxc5 22.Nf6+ Kg7
23.Rxc5 Qa6 24.Re3 a4 25.Rec3 axb3 26.axb3 Nb4 27.Qd2 Rxc5 28.Rxc5 Nd3 29.Ng4 Qa1+
30.Kh2 Qxd4 31.Rc3 Qf4+ 32.Qxf4 Nxf4 33.g3 Ne2 34.Re3 Nd4 35.Rd3 Nb5 36.Kg2 Rc8
37.Ne3 Nc3 38.Nd1 Ne4 39.Ne3 Ra8 40.Nd1 Ra3 41.Re3 f6 42.exf6+ Kxf6 43.Rf3+ Ke5
44.Ne3 Ra2 45.Ng4+ Kd4 46.Nf6 Nxf6 47.Rxf6 e5 48.Rf7 e4 49.Kf1 Kd3 50.Rxh7 d4
51.Rg7 Ra1+ 52.Kg2 Ke2 53.Re7 Kd3 54.Rg7 Ke2 55.Re7 Kd3  1/2-1/2

[Event "Gibraltar Masters 2019"]
[Site "Caleta ENG"]
[Date "2019.01.31"]
[Round "10.47"]
[White "Tsolakidou,Stavroula"]
[Black "Henderson de La Fuente,Lance"]
[Result "1/2-1/2"]
[WhiteElo "2414"]
[BlackElo "2489"]

1.d4 d5 2.c4 e6 3.Nf3 Nf6 4.g3 Bb4+ 5.Bd2 Be7 6.Bg2 O-O 7.O-O Nbd7 8.Qc2 c6
9.Rd1 Ne4 10.Nc3 f5 11.e3 Qe8 12.Ne2 g5 13.Be1 Bd6 14.b4 f4 15.exf4 gxf4
16.Bd2 Nxd2 17.Qxd2 Nb6 18.c5 Nc4 19.Qc3 Bc7 20.gxf4 Bxf4 21.Nxf4 Rxf4 22.Nd2 Qf7
23.Nxc4 dxc4 24.Qxc4 Bd7 25.Rd2 Rf8 26.Rf1 Qf6 27.Qc3 Be8 28.Qe3 Bg6 29.a3 Rd8
30.Rfd1 Bh5 31.Re1 Kf7 32.Qe5 Qxe5 33.Rxe5 Bg6 34.Bh3 Rdxd4 35.Rxd4 Rxd4
36.Bxe6+ Kf6 37.Re3 b6 38.cxb6 axb6 39.Bb3 Bf5 40.Rc3 Rd6 41.Bc2 Bxc2 42.Rxc2 Ke5
43.Re2+ Kf4 44.Re7 c5 45.Rxh7 Kf3 46.Rf7+ Ke2 47.bxc5 Rg6+ 48.Kh1 bxc5 49.Rc7 Kxf2
50.h3 Rg5 51.Kh2 Ke3 52.h4 Rd5 53.Kg3 Kd3 54.Kg4 Rd4+ 55.Kg5 c4 56.h5 c3
57.h6 Rc4 58.Rxc4 Kxc4 59.h7 c2 60.h8=Q c1=Q+ 61.Kg6 Qxa3 62.Qc8+  1/2-1/2

[Event "Gibraltar Masters 2019"]
[Site "Caleta ENG"]
[Date "2019.01.31"]
[Round "10.63"]
[White "Cornette,Deimante"]
[Black "De Haan,E"]
[Result "1-0"]
[WhiteElo "2448"]
[BlackElo "2337"]

1.e4 c5 2.Nf3 e6 3.d4 cxd4 4.Nxd4 Nc6 5.Nc3 Qc7 6.Be3 a6 7.a3 b5 8.Nxc6 Qxc6
9.Be2 Bb7 10.O-O Rc8 11.Qd2 Ne7 12.Rfd1 Ng6 13.a4 b4 14.Nb5 Rd8 15.Nd6+ Bxd6
16.Qxd6 a5 17.Bb6 Ra8 18.f3 Qxd6 19.Rxd6 Bc6 20.Bb5 O-O 21.Bxc6 dxc6 22.Rxc6 Ne5
23.Rc7 Rfd8 24.Rc5 Nd7 25.Bxd8 Nxc5 26.Bb6 Nd7 27.Bc7 Kf8 28.Rd1 Ke8 29.b3 Ra7
30.Bf4 Ra8 31.Bc7 Ra7 32.Bf4 Ra8 33.Rd6 Rc8 34.Rd2 Rc6 35.Kf2 Ke7 36.Ke2 Nb6
37.Kd1 Nd7 38.Kc1 Rc3 39.Bd6+ Ke8 40.Kb2 Rc6 41.Bg3 Ke7 42.Bf2 f6 43.Rd4 Nb6
44.Be1 Rc5 45.c3 bxc3+ 46.Bxc3 g6 47.Rd3 Rg5 48.Rd2 Rh5 49.g4 Rc5 50.Bd4 Rc6
51.Rc2  1-0